000 01152nam a22002897a 4500
005 2012011208378.0
008 120112t xxu||||| |||| 00| 0 eng d
010 _aENG-104696
020 _a9781259004506
_c225.00
020 _a1259004503
_c225.00
035 _aEN-88229
037 _bDBAD/PUB
040 _aDPL
_bEng
082 0 0 _a621.3815
100 1 _aSalivahanan, S.
_939009
245 1 0 _aElectronic circuit analysis /
_cby S. Salivahanan [and] N. Suresh Kumar
260 _c2012
_aNew Delhi
_bTata McGraw Hill
270 _a7 West Patel Nagar
_bNew Delhi
_e110001
300 _avarious pagings :
_bill.
_c23cm(pbk)
650 _aElectronic circuits
_939013
650 _aElectric networks
_939014
650 _aElectric networks, Active
_939015
700 _aSuresh Kumar, N.
_939016
942 _2ddc
_cEN
_h621.3815
_mSAL
999 _c60763
_d60763